Bundesliga-Mannschaften - Eine-Minute-Sprint - Statistiken

Allgemein
  • Dieses Quiz wurde 48 mal gespielt
  • Das Durchschnittsergebnis liegt bei 16 aus 18
Antwortstatistiken
Verein % Korrekt
FC Bayern München
100%
Borussia Dortmund
98%
Bayer 04 Leverkusen
94%
Hamburger SV
94%
1. FC Köln
89%
1. FC Union Berlin
89%
TSG 1899 Hoffenheim
89%
FC St. Pauli
87%
RB Leipzig
87%
SV Werder Bremen
87%
VfB Stuttgart
87%
FC Augsburg
83%
VfL Wolfsburg
83%
1. FC Heidenheim
81%
Eintracht Frankfurt
81%
Borussia Mönchengladbach
77%
SC Freiburg
74%
1. FSV Mainz 05
72%
Keine übereinstimmenden Quizze gefunden
Verteilung der Resultate
Anzahl Personen mit jedem Resultat
Perzentil nach korrekt beantworteten Fragen
Ihre Resultats-Entwicklung
Sie haben dieses Quiz noch nicht gespielt